Spoken Arabic of Baghdad (Record no. 49308)

MARC details
000 -LEADER
fixed length control field 00858cam a22002531 4500
001 - CONTROL NUMBER
control field ne 67000083
003 - CONTROL NUMBER IDENTIFIER
control field DLC
005 - DATE AND TIME OF LATEST TRANSACTION
control field 20260227111828.0
008 - FIXED-LENGTH DATA ELEMENTS--GENERAL INFORMATION
fixed length control field 740220s1964 le 000 0 eng
010 ## - LIBRARY OF CONGRESS CONTROL NUMBER
LC control number ne 67000083
035 ## - SYSTEM CONTROL NUMBER
System control number (OCoLC)808830
040 ## - CATALOGING SOURCE
Original cataloging agency DLC
Transcribing agency CtFaU
Modifying agency DLC
041 0# - LANGUAGE CODE
Language code of text/sound track or separate title eng
-- ara
050 00 - LIBRARY OF CONGRESS CALL NUMBER
Classification number PJ6830.B3
Item number M3
082 ## - DEWEY DECIMAL CLASSIFICATION NUMBER
Classification number 492.779
100 1# - MAIN ENTRY--PERSONAL NAME
Personal name McCarthy, Richard Joseph.
245 10 - TITLE STATEMENT
Title Spoken Arabic of Baghdad
Statement of responsibility, etc. [by] R. J. McCarthy and Faraj Raffouli.
260 ## - PUBLICATION, DISTRIBUTION, ETC.
Place of publication, distribution, etc. Beirut,
Name of publisher, distributor, etc. Librairie orientale,
Date of publication, distribution, etc. 1964-<1965>
300 ## - PHYSICAL DESCRIPTION
Extent v. <1-2, pt. 1>
Dimensions 23cm.
490 0# - SERIES STATEMENT
Series statement Publications of the Oriental Institute of al-Hikma University. Linguistic series ;
Volume/sequential designation 1-2
505 1# - FORMATTED CONTENTS NOTE
Formatted contents note pt. 1. Grammar and exercises -- pt.2 (A). Anthology of texts
650 #0 - SUBJECT ADDED ENTRY--TOPICAL TERM
Topical term or geographic name entry element Arabic language
General subdivision Dialects
Geographic subdivision Iraq
-- Baghdad.
700 1# - ADDED ENTRY--PERSONAL NAME
Personal name Raffouli, Faraj,
Relator term joint author.

No items available.

Powered by Koha